Villes de club de Football 2 - Statistiques

Statistiques générales
  • Ce quiz a été pris 66 fois
  • Le résultat moyen est 11 sur 20
Statistiques - réponses
Par images Réponse % Correct
Glasgow
93%
Malmö
88%
Le Mans
77%
Gênes
72%
Kobe
72%
Bucarest
68%
São Paulo
68%
Tiraspol
68%
Casablanca
63%
Bodø
62%
Dublin
57%
Alger
48%
Le Pirée
48%
Pretoria
35%
Austin
33%
Pise
32%
Hambourg
30%
Andorre-la-Vieille
27%
Fürth
25%
San José
20%
Aucun quiz correspondant
Distribution des résultats
% des personnes avec chaque résultat
Percentile par nombre de réponses
Votre historique - résultats
Vous n’avez pas pris ce quiz